<?xml version="1.0" encoding="UTF-8"?>
<record
    xmlns:xsi="http://www.w3.org/2001/XMLSchema-instance"
    xsi:schemaLocation="http://www.loc.gov/MARC21/slim http://www.loc.gov/standards/marcxml/schema/MARC21slim.xsd"
    xmlns="http://www.loc.gov/MARC21/slim">

  <leader>01694cam a2200289   4500500</leader>
  <controlfield tag="005">20260322011559.0</controlfield>
  <datafield tag="041" ind1=" " ind2=" ">
    <subfield code="a">fre</subfield>
  </datafield>
  <datafield tag="042" ind1=" " ind2=" ">
    <subfield code="a">dc</subfield>
  </datafield>
  <datafield tag="100" ind1="1" ind2="0">
    <subfield code="a">Cormont, Olivier</subfield>
    <subfield code="e">author</subfield>
  </datafield>
  <datafield tag="245" ind1="0" ind2="0">
    <subfield code="a">Cette page n&#x2019;existe pas ! Fiction dystopique sur le devenir des documentalistes en travail social</subfield>
  </datafield>
  <datafield tag="260" ind1=" " ind2=" ">
    <subfield code="c">2026.
							</subfield>
  </datafield>
  <datafield tag="500" ind1=" " ind2=" ">
    <subfield code="a">69</subfield>
  </datafield>
  <datafield tag="520" ind1=" " ind2=" ">
    <subfield code="a">This speculative fiction explores the evolution of the information specialist profession within a context of extreme rationalization of social work. Through the daily life of a professional immersed in an automated knowledge management system, the text examines the potential pitfalls of standardized and dehumanized documentation, as well as the tensions between conformity, memory, and mediation.</subfield>
  </datafield>
  <datafield tag="520" ind1=" " ind2=" ">
    <subfield code="a">Cette fiction d&#x2019;anticipation explore l&#x2019;&#xE9;volution du m&#xE9;tier de documentaliste dans un contexte de rationalisation extr&#xEA;me du travail social. &#xC0; travers le quotidien d&#x2019;un professionnel immerg&#xE9; dans un syst&#xE8;me automatis&#xE9; de gestion des savoirs, le texte interroge les d&#xE9;rives possibles d&#x2019;une documentation normalis&#xE9;e et d&#xE9;shumanis&#xE9;e, ainsi que les tensions entre conformit&#xE9;, m&#xE9;moire et m&#xE9;diation.</subfield>
  </datafield>
  <datafield tag="690" ind1=" " ind2=" ">
    <subfield code="a">documentation</subfield>
  </datafield>
  <datafield tag="690" ind1=" " ind2=" ">
    <subfield code="a">intelligence artificielle</subfield>
  </datafield>
  <datafield tag="690" ind1=" " ind2=" ">
    <subfield code="a">m&#xE9;diation</subfield>
  </datafield>
  <datafield tag="690" ind1=" " ind2=" ">
    <subfield code="a">normalisation des savoirs</subfield>
  </datafield>
  <datafield tag="690" ind1=" " ind2=" ">
    <subfield code="a">travail social</subfield>
  </datafield>
  <datafield tag="690" ind1=" " ind2=" ">
    <subfield code="a">artificial intelligence</subfield>
  </datafield>
  <datafield tag="690" ind1=" " ind2=" ">
    <subfield code="a">documentation</subfield>
  </datafield>
  <datafield tag="690" ind1=" " ind2=" ">
    <subfield code="a">mediation</subfield>
  </datafield>
  <datafield tag="690" ind1=" " ind2=" ">
    <subfield code="a">social work</subfield>
  </datafield>
  <datafield tag="690" ind1=" " ind2=" ">
    <subfield code="a">standardization of knowledge</subfield>
  </datafield>
  <datafield tag="786" ind1="0" ind2=" ">
    <subfield code="n">Sociographe | 93 | 1 | 2026-02-27 | p. 15-19 | 1297-6628</subfield>
  </datafield>
  <datafield tag="856" ind1="4" ind2="1">
    <subfield code="u">https://shs.cairn.info/revue-sociographe-2026-1-page-15?lang=fr&amp;redirect-ssocas=7080</subfield>
  </datafield>
  <datafield tag="999" ind1=" " ind2=" ">
    <subfield code="c">1766016</subfield>
    <subfield code="d">1766016</subfield>
  </datafield>
</record>
